| 000 | 00921nam a2200289Ia 4500 | ||
|---|---|---|---|
| 003 | OSt | ||
| 005 | 20220912150918.0 | ||
| 006 | a|||||r|||| 00| 0 | ||
| 007 | ta | ||
| 008 | 220909b |||||||| |||| 00| 0 eng d | ||
| 024 | _a48809 | ||
| 037 | _cTextual | ||
| 040 |
_aCSL _beng _cCSL |
||
| 041 | _aeng | ||
| 082 | _aH411p1,N79, M1 | ||
| 100 | _aSubbarao K V Ed. | ||
| 111 | _aGroup discussion on deccan volcanis and related provinces REF parts of the world (1979 : Bombay) | ||
| 245 | 0 | _aProceeding on Deccan volcanism and related basalt provinces in REF parts of world | |
| 260 |
_aBangalore _bRashtrothana Press _c1981 |
||
| 300 |
_axi, 475p. _ccm. |
||
| 490 | _aGeological society of India; 3 | ||
| 650 | _a Volcano | ||
| 650 | _aGeology | ||
| 700 | _a Sukheswala R N Ed. | ||
| 942 |
_hH411p1,N79, M1 _cTEXL _2CC |
||
| 999 |
_c57369 _d57369 |
||